| 000 | 00504nam a22001817a 4500 | ||
|---|---|---|---|
| 005 | 20240918104224.0 | ||
| 008 | 190606b xxu||||| |||| 00| 0 eng d | ||
| 020 | _a978-9-87-686-20-5 | ||
| 041 | _aeng | ||
| 082 | _a610.01 | ||
| 100 |
_aGUPTA, DR. G.D. SHRAMA., DR. SHAILESH KAUR .,RAMANJEET AND JOSHI, RAKESH _98265 |
||
| 245 | _aCOMPUTER APPLICATIONS IN PHARMACY | ||
| 250 | _a3rd, Ed, 2019 | ||
| 260 |
_aPUNE _bNIRALI PRAKASHAN |
||
| 300 | _a7.10p. | ||
| 650 |
_aPHARMACY _xB.PHARMA |
||
| 942 | _cBK | ||
| 999 |
_c5955 _d5953 |
||